000 01025nam a2200301 i 4500
001 25467
003 KOSZ 005
005 20200630132830.0
008 070729s1971 pl a f 001 0 pol
015 _aPB 1972/634
035 _a(OCoLC)749220603
040 _aWA N
_cWA N
_dKOSZ 005/KK
080 _a538
100 1 _aCofta, Henryk
_d(1922- ).
_eAutor.
245 1 0 _aMetamagnetyki /
_cHenryk Cofta.
260 _aWarszawa :
_bPaństwowe Wydawnictwo Naukowe,
_c1971.
300 _a222, [2] strony :
_bilustracje ;
_c18 cm.
336 _2rdacontent
_aTekst
_btxt
337 _2rdamedia
_aBez urządzenia pośredniczącego
_bn
338 _2rdacarrier
_aWolumin
_bnc
380 _aKsiążki.
504 _aBibliografia na stronach 201-213. Indeks.
658 _aInżynieria i technika
650 4 _aMateriały magnetyczne
710 _aPaństwowe Wydawnictwo Naukowe
_4pbl.
856 _uhttp://koha.tu.koszalin.pl/cgi-bin/koha/opac-detail.pl?biblionumber=25467
_yKatalog online BPK
942 _2UKD
_cKS
999 _c25467
_d25467